Občiansky súdny poriadok do vrecka

Bibliographic Details
Corporate Author: Slovensko (Author)
Format: Book
Language:Slovak
PhysicalDescription:239 s. 15 x 11 cm
Published: Bratislava Epos 2004
ISBN:8080576041
Edition:[1. vyd.]
Subjects:

MARC

LEADER 00000nam a2200000 a 4500
001 vtls001482653
003 SK-MaSNL
005 20260302073654.0
008 240226s2004 xo slo
015 |a SNBI2004/04-01889 
020 |a 8080576041 
035 |a SNK000437950 
035 |a urn:nbn:sk:snk-am3i0tz 
035 |a C59F3183-2709-4C10-A2F1-6D9050C94D04 
035 |a urn:nbn:sk:snk-am00dftt 
040 |a SNK  |b slo  |c SNK  |e AACR2 
041 0 |a slo 
043 |a e-xo--- 
044 |a xo  |c SK 
072 7 |a 347.9  |x Občianske súdne konanie. Súdnictvo  |2 konspekt 
080 |a 347.9  |2 1981 
080 |a (437.6)  |2 1981 
080 |a (094.5)  |2 1981 
110 1 |a Slovensko  |4 aut  |9 266955 
240 1 0 |a Občiansky súdny poriadok  |s 2005 
245 1 |a Občiansky súdny poriadok do vrecka 
250 |a [1. vyd.] 
260 |a Bratislava  |b Epos  |c 2004 
300 |a 239 s.  |c 15 x 11 cm 
650 0 7 |a občianske súdne konanie  |2 SNKPH  |9 2671 
655 7 |a zákony  |2 SNKPH  |9 70186 
919 |a 80-8057-604-1 
999 |c 1161897  |d 1163827 
952 |t P60, <03>, [BOOK], {603}  |a SNK  |b SNK  |y PREZ  |7 0  |p 17A0444559  |o snkSE 10760  |i snkKSP 13065/2004  |0 0  |1 0  |4 0  |d 2004-09-28  |f 1  |l 0  |r 2005-01-02 00:00:00  |w 2026-02-24 
952 |t P60, <04>, [BOOK], {604}  |a SNK  |b SNK  |y VYP  |7 0  |p 17A0444560  |o snkSE 10760 D1  |i snkKSP 13291/2004  |0 0  |1 0  |4 0  |d 2004-09-28  |l 0  |r 2005-01-02 00:00:00  |w 2026-02-24